Hong Kong: property, construction and the economy. (Record no. 92705)

MARC details
000 -LEADER
fixed length control field 00762cam a2200265 4500
008 - FIXED-LENGTH DATA ELEMENTS--GENERAL INFORMATION
fixed length control field 090401t1990 xxu||||| |||| 00| 0 eng d
020 ## - INTERNATIONAL STANDARD BOOK NUMBER
International Standard Book Number 0854064508
035 ## - SYSTEM CONTROL NUMBER
System control number (Sirsi) u50406
041 ## - LANGUAGE CODE
Language code of text/sound track or separate title eng
050 ## - LIBRARY OF CONGRESS CALL NUMBER
Classification number 333.33095125
090 ## - LOCALLY ASSIGNED LC-TYPE CALL NUMBER (OCLC); LOCAL CALL NUMBER (RLIN)
Classification number (OCLC) (R) ; Classification number, CALL (RLIN) (NR) RICS 1990/1ABCD
100 ## - MAIN ENTRY--PERSONAL NAME
Personal name Walker, Anthony
245 ## - TITLE STATEMENT
Title Hong Kong: property, construction and the economy.
260 ## - PUBLICATION, DISTRIBUTION, ETC.
Place of publication, distribution, etc. London
Name of publisher, distributor, etc. RICS
Date of publication, distribution, etc. 1990
300 ## - PHYSICAL DESCRIPTION
Extent x,90p.: ill.; 30cm.
350 ## - PRICE (NR) (BK AM CF MU VM SE) [OBSOLETE]
Price 25
520 ## - SUMMARY, ETC.
Summary, etc. Study sponsored by the RICS. .
650 ## - SUBJECT ADDED ENTRY--TOPICAL TERM
Topical term or geographic name entry element BUILDING INDUSTRY
650 ## - SUBJECT ADDED ENTRY--TOPICAL TERM
Topical term or geographic name entry element ABOUT RICS-RICS MEMBERS
650 ## - SUBJECT ADDED ENTRY--TOPICAL TERM
Topical term or geographic name entry element ECONOMICS
710 ## - ADDED ENTRY--CORPORATE NAME
Corporate name or jurisdiction name as entry element University of Hong Kong. Department of Surveying
9 (RLIN) 3310
710 ## - ADDED ENTRY--CORPORATE NAME
Corporate name or jurisdiction name as entry element Royal Institution of Chartered Surveyors
9 (RLIN) 4900
942 ## - ADDED ENTRY ELEMENTS (KOHA)
Suppress in OPAC 0
948 ## - LOCAL PROCESSING INFORMATION (OCLC); SERIES PART DESIGNATOR (RLIN)
c (OCLC) 04/03/1997
Holdings
Withdrawn status Lost status Source of classification or shelving scheme Damaged status Not for loan Home library Current library Shelving location Date acquired Cost, normal purchase price Total Checkouts Full call number Barcode Date last seen Copy number Cost, replacement price Price effective from Koha item type Date last checked out
    Dewey Decimal Classification     London London RICS Boxes 14/09/1999 25.00   RICS 1990/1 30023074 06/08/2019 1 25.00 06/08/2019 Archive  
    Dewey Decimal Classification     London London RICS Boxes 28/10/1991 25.00   RICS 1990/1 30029632 06/08/2019 2 25.00 06/08/2019 Book  
    Dewey Decimal Classification     London London RICS Boxes 14/10/1993 25.00 1 RICS 1990/1 30039900 06/08/2019 3 25.00 06/08/2019 Book 19/01/2006
    Dewey Decimal Classification     London London RICS Boxes 14/09/1999 25.00   RICS 1990/1 30031471 06/08/2019 1 25.00 06/08/2019 Reference material